История Великой Отечественной войны Советского Союза 1941–1945 (Запис № 307340)

МАРК-запис
000 -Лідер
fixed length control field 00903nam a22002657a 4500
001 - Контрольний номер
control field 21147
003 - Ідентифікатор контрольного номера
control field UA-OsUOA
005 - Дата та час останнього входження (трансакції)
control field 20220517114153.0
007 - Фіксоване поле фізичного опису
fixed length control field ta
008 - Елементи даних фіксованої довжини – загальна інформація
fixed length control field 20031120b un ||||| |||| 00| 0 ukr d
040 ## - Джерело каталогізації
Агенція оригінальної каталогізації UA-OsUOA
Мова каталогізації rus
Агенція, яка здійснювала перезапис UA-OsUOA
Агенція, яка здійснювала модифікацію UA-OsUOA
041 ## - Код мови
Код мови тексту/ звукової доріжки чи окремого заголовка (П) rus
044 ## - Код країни видавця/ виробника
Код країни видавця/ виробника (П) RU
080 ## - Індекс Універсальної десяткової класифікації
Індекс Універсальної десяткової класифікації (УДК) (НП) 94(4)19.3.9/1945
090 ## - Локальний шифр розміщення
Класифікаційний індекс УДК 94(4)19.3.9/1945
Авторський знак (НП) И90
245 ## - Відомості про назву
Назва (НП) История Великой Отечественной войны Советского Союза 1941–1945
Дані про відповідальність (НП) ред. Ю. П. Петров
260 ## - Публікація, розповсюдження і т.п. (Вихідні дані)
Місце публікації, розповсюдження і т.п. (П) Москва
Ім’я/ наймення видавництва, розповсюджувача і т.п. (П) Военное изд-во министерства обороны союза СССР
Дата публікації, розповсюдження і т.п. (П) 1961
300 ## - Фізичний опис
Обсяг 657 с.
505 ## - Форматована примітка про зміст
Змішана інформація Т. 3
650 #7 - Додаткове предметне введення – тематичний термін
Джерело заголовка чи терміна UDC
Тематичний термін чи географічна назва, як елемент введення (НП) 94 Історія загалом
700 1# - Додаткове введення – ім'я особи
Ім’я особи (НП) Петров Ю. П.
Термін відношення ред.
942 ## - Додаткові елементи входу (Коха)
Тип елемента Koha Книги
Source of classification or shelving scheme Universal Decimal Classification
955 ## - Код типу видання за змістом
Код типу видання за змістом (НП) Навчальні видання
Фонди
Стан вилучень Стан втрат Джерело класифікації або схеми стелажів Стан уражень Не для кредиту Постійне місце розташування Поточне розміщення Дата придбання Послідовне перерахування / хронологія Інвентарний номер Повний номер виклику Штрих-код Дата останнього перегляду Ціна ефективна від Тип елемента Koha
    Universal Decimal Classification     АБ - Абонемент НБ АБ - Абонемент НБ 12/10/2007 Т. 3 56039 94(4)19.3.9/1945 И90 56039 26/01/2022 20/11/2003 Книги
    Universal Decimal Classification     АБ - Абонемент НБ АБ - Абонемент НБ 20/11/2003 Т. 3 56282 94(4)19.3.9/1945 И90 56282 26/01/2022 20/11/2003 Книги